000 00332nam a2200145Ia 4500
008 230718s9999 xx 000 0 und d
041 _aEng.
082 _a340.11
_bPAL-R
100 _aPalombella, Gianku if
245 0 _aRule of law Democracy
260 _aPakistan
_bBroll
_c2010
300 _a211
650 _aLaw
999 _c31894
_d31894